Исследование динамической модели чрезвычайной ситуации на промышленном объекте; Дефектоскопия; № 12

Dettagli Bibliografici
Parent link:Дефектоскопия.— , 1965-.— 0130-3082
№ 12.— 2004.— С. 74-82
Autore principale: Клячин В. М.
Lingua:russo
Pubblicazione: 2004
Serie:Техногенная безопасность
Soggetti:
Natura: MixedMaterials Capitolo di libro
KOHA link:https://koha.lib.tpu.ru/cgi-bin/koha/opac-detail.pl?biblionumber=428704

MARC

LEADER 00000naa2a2200000 4500
001 428704
005 20231101074846.0
035 |a (RuTPU)RU\TPU\prd\88306 
035 |a RU\TPU\prd\32346 
090 |a 428704 
100 |a 20101018a2004 k y0rusy50 ca 
101 0 |a rus 
102 |a RU 
200 1 |a Исследование динамической модели чрезвычайной ситуации на промышленном объекте  |f В. М. Клячин 
225 1 |a Техногенная безопасность 
320 |a Библиогр.: 13 назв. 
461 1 |0 (RuTPU)RU\TPU\prd\151  |x 0130-3082  |t Дефектоскопия  |d 1965- 
463 1 |0 (RuTPU)RU\TPU\prd\88297  |t № 12  |v С. 74-82  |d 2004 
610 1 |a промышленные объекты 
610 1 |a чрезвычайные ситуации 
610 1 |a модели динамического развития 
610 1 |a автоматическое регулирование 
610 1 |a надежность 
610 1 |a устойчивость 
610 1 |a локализация 
675 |a 620.179  |v 3 
700 1 |a Клячин  |b В. М. 
801 1 |a RU  |b 63413507  |c 20050203  |g PSBO 
801 2 |a RU  |b 63413507  |c 20131230  |g RCR 
942 |c BK